000
00349 a2200169 4500
001
186484
020
_a
85-16-02588-8
040
_c
Magnum
100
_a
Furnari, Eva
240
1
0
_a
Umbigo indiscreto
_l
por
245
1
0
_a
Umbigo indiscreto
300
_a
32
362
0
_a
2000
440
1
_a
Moderna
697
_a
LITERATURA INFANTO
942
_c
BK
999
_c
186484
_d
186484